| 000 | 00785nam a2200217Ia 4500 | ||
|---|---|---|---|
| 001 | 3232 | ||
| 003 | GE_BSU | ||
| 008 | 181216s||||||||xx |||||||||||||| ||und|| | ||
| 040 | _cGE_BSU | ||
| 080 | _a620.179(035.3) | ||
| 100 | _aБоровиков,А.С. Горбунов,В.И. Гурвич,А.К. и др. | ||
| 245 | _aПриборы для неразрушающего контроля материалов и изделий. Кн.1. | ||
| 245 | _bСправочник. | ||
| 245 | _cПод ред. В.В.Клюева. | ||
| 260 | _aМ. | ||
| 260 | _bМашиностроение. | ||
| 260 | _c1976. | ||
| 300 | _a391 стр. с илл. | ||
| 653 | _aПриборы для неразрушающего контроля материалов и изделий. | ||
| 942 | _cBK | ||
| 999 |
_c37273 _d37273 |
||